University Home | Library Home | Institutional Repository

Reincarnation in world thought : (Record no. 58374)

MARC details
000 -LEADER
fixed length control field 01004cam0a220026500 4500
001 - CONTROL NUMBER
control field lce00603632
005 - DATE AND TIME OF LATEST TRANSACTION
control field 20190815093625.0
008 - FIXED-LENGTH DATA ELEMENTS--GENERAL INFORMATION
fixed length control field 751120s1967 nyua 000 0 eng
010 ## - LIBRARY OF CONGRESS CONTROL NUMBER
LC control number 67017571 //r89
035 ## - SYSTEM CONTROL NUMBER
System control number (Sirsi) r46697
035 ## - SYSTEM CONTROL NUMBER
System control number (DLC) 67017571 //r89
035 ## - SYSTEM CONTROL NUMBER
System control number (UPRA)lce00603632
040 ## - CATALOGING SOURCE
Original cataloging agency DLC
Transcribing agency Wa
Modifying agency DLC
-- UPRA
050 00 - LIBRARY OF CONGRESS CALL NUMBER
Classification number BL515
Item number .H39
082 00 - DEWEY DECIMAL CLASSIFICATION NUMBER
Classification number 291.2/3
245 00 - TITLE STATEMENT
Title Reincarnation in world thought :
Remainder of title a living study of reincarnation in all ages ; including selections from the world's religions, philosophies, and sciences, and great thinkers of the past and present /
Statement of responsibility, etc. compiled and edited by Joseph Head [and] S.L. Cranston.
260 ## - PUBLICATION, DISTRIBUTION, ETC.
Place of publication, distribution, etc. New York :
Name of publisher, distributor, etc. Julian Press,
Date of publication, distribution, etc. c1967.
500 ## - GENERAL NOTE
General note Based on the compiler's Reincarnation, an East-West anthology.
650 #0 - SUBJECT ADDED ENTRY--TOPICAL TERM
Topical term or geographic name entry element Reincarnation.
Linkage S3231.1
700 1# - ADDED ENTRY--PERSONAL NAME
Personal name Cranston, S. L.
Linkage A4638.1
700 1# - ADDED ENTRY--PERSONAL NAME
Personal name Head, Joseph.
Linkage A4639.1
949 ## - LOCAL PROCESSING INFORMATION (OCLC)
a BL515
w lcc
m MAIN
t BOOK
l ON-SHELF
987 ## - LOCAL ROMANIZATION/CONVERSION HISTORY (OCLC)
Romanization/conversion identifier WITHDRAWN.

No items available.

© 2026 - The University of Zambia Library - Koha v25.11